| Tag |
First Indicator |
Second Indicator |
Subfields |
| LEADER |
00000cam a2200000 4500 |
| 001 |
in00000066389 |
| 005 |
20151008051904.0 |
| 008 |
720809s1948 nyu 00000 eng u |
| 010 |
|
|
|a 48009865
|
| 035 |
|
|
|a (OCoLC)00377057
|
| 035 |
|
|
|9 AAH0564AM
|
| 040 |
|
|
|c CSU
|d OCL
|d TXA
|d UtOrBLW
|
| 049 |
|
|
|a TXAM
|c [163009]
|
| 050 |
|
0 |
|a HV6337
|b .I7
|
| 092 |
|
|
|a 364.38
|b I66t
|
| 100 |
1 |
|
|a Irey, Elmer Lincoln,
|d 1888-1948.
|
| 245 |
1 |
4 |
|a The tax dodgers ;
|b the inside story of the T-men's war with America's political and underworld hoodlums /
|c as told to William J. Slocum.
|
| 264 |
|
1 |
|a New York :
|b Greenberg,
|c [1948]
|
| 300 |
|
|
|a xvi, 288p :
|b frontispiece ;
|c 21cm.
|
| 336 |
|
|
|a text
|b txt
|2 rdacontent
|
| 337 |
|
|
|a unmediated
|b n
|2 rdamedia
|
| 338 |
|
|
|a volume
|b nc
|2 rdacarrier
|
| 610 |
1 |
0 |
|a United States.
|b Office of Internal Revenue.
|
| 650 |
|
0 |
|a Crime
|z United States.
|
| 650 |
|
0 |
|a Tax evasion
|z United States.
|
| 650 |
|
0 |
|a Criminals
|z United States.
|
| 700 |
1 |
|
|a Slocum, William J.
|
| 999 |
|
|
|a MARS
|
| 999 |
f |
f |
|s 3118afea-1b89-32fa-baba-19eca6cc4a3e
|i 8042b841-0474-3ccc-9ffc-304b5d496563
|t 0
|
| 952 |
f |
f |
|p ric
|a Texas A&M University
|b Rellis Campus
|c Joint Library Facility
|d Remote Storage
|t 0
|e HV6337 .I7
|h Library of Congress classification
|i unmediated -- volume
|m A14800814171
|
| 998 |
f |
f |
|a HV6337 .I7
|t 0
|l Remote Storage
|